Normal view
MARC view
Entry Personal Name
001 - CONTROL NUMBER
- control field: 1237288
003 - CONTROL NUMBER IDENTIFIER
- control field: OSt
005 - DATE AND TIME OF LATEST TRANSACTION
- control field: 20260430150353.0
008 - FIXED-LENGTH DATA ELEMENTS
- fixed length control field: 260430|| aca||aabn | a|a d
040 ## - CATALOGING SOURCE
- Original cataloging agency: OSt
- Transcribing agency: OSt
100 ## - HEADING--PERSONAL NAME
- Personal name: Roy Anubhav Au.; Sanjeev Kumar Gu
670 ## - SOURCE DATA FOUND
- Source citation: Work cat.: (OSt)1849624: Roy Anubhav Au.; Sanjeev Kumar Gu., Study of Socialist Indian’s Reception of the U.S.’ Soft Power Exports,1966-71, 2022
